Foundations of Finance
| Autor principal: | |
|---|---|
| Format: | Desconegut |
| Publicat: |
Pearson Education
2016
|
| Edició: | 9th ed. |
| LEADER | 00226 a2200097 4500 | ||
|---|---|---|---|
| 020 | |a 9781292155135 | ||
| 100 | |a Keown, Martin & Petty | ||
| 245 | |a Foundations of Finance | ||
| 250 | |a 9th ed. | ||
| 260 | |b Pearson Education |c 2016 | ||
| 999 | |c 42218 |d 42218 | ||